书目信息 |
| 题名: |
围棋死活大全
|
|
| 作者: | 赵治勋 著 ;白小川 译 | |
| 分册: | ||
| 出版信息: | 成都 蜀蓉棋艺出版社 1989.5 |
|
| 页数: | 2册(378页,377页) | |
| 开本: | 19厘米 | |
| 丛书名: | ||
| 单 册: | ||
| 中图分类: | G891.3 | |
| 科图分类: | 39.9962 | |
| 主题词: | 棋题解答-死活棋(围棋)--手册 , 死活棋(围棋)-棋题解答--手册 | |
| 电子资源: | ||
| ISBN: | 7-80548-155-5 | |
| 000 | 00817nam0 2200265 45 | |
| 001 | 0189004314 | |
| 005 | 20061102092210.87 | |
| 010 | @a7-80548-155-5@dCNY7.50 | |
| 020 | @aCN@b89004314 | |
| 100 | @a19900816d1989 m y0chiy0120 ea | |
| 101 | 1 | @achi@cjpn |
| 102 | @aCN@b510000 | |
| 105 | @af z 000yy | |
| 200 | 10 | @a围棋死活大全@Awei qi si huo da quan@f(日)赵治勋著@F( ri ) zhao zhi xun zhu@g白小川译 |
| 210 | @a成都@c蜀蓉棋艺出版社@d1989.5 | |
| 215 | @a2册(378页,377页)@c图@d19厘米 | |
| 540 | 1 | @a围棋 死活@Awei qi si huo |
| 606 | @a棋题解答-死活棋(围棋)@x手册 | |
| 606 | @a死活棋(围棋)-棋题解答@x手册 | |
| 690 | @aG891.3@v1980 | |
| 692 | @a39.9962@v1974 | |
| 701 | 0 | @a赵治勋@Azhao zhi xun@4著 |
| 702 | 0 | @a白小川@Abai xiao chuan@4译 |
| 801 | 0 | @aCN@bTSSF@c20061102 |
| 905 | @a10447@dG891.3@e138 | |
| 围棋死活大全/(日)赵治勋著/白小川译.-成都:蜀蓉棋艺出版社,1989.5 |
| 2册(378页,377页):图;19厘米 |
| ISBN 7-80548-155-5:CNY7.50 |
| ● |
| 相关链接 |
|
|
|
|
正题名:围棋死活大全
索取号:G891.3/138
 
预约/预借
| 序号 | 登录号 | 条形码 | 馆藏地/架位号 | 状态 | 备注 |
| 1 | 0258369 | 000306582 | 第一样本阅览室/ [索取号:G891.3/138] | 在馆 |